000 00268nam a22001217a 4500
008 170717b xxu||||| |||| 00| 0 eng d
041 _aeng
080 _a2
100 _a24
101 _aTEO
245 _aTHE CAMBRIDGE HISTORY OF JUDAISM
_cKATZ,S.T
942 _2udc
_cBK
999 _c21285
_d21285